| 000 | 00473nam a22001577a 4500 | ||
|---|---|---|---|
| 008 | 220316b |||||||| |||| 00| 0 eng d | ||
| 020 | _a1473726642 | ||
| 050 |
_aHD58.7 _b.I58 2017 |
||
| 245 |
_aIntroducing Organiational Behaviour and Management _cedited by David Knights & Hugh Willmott |
||
| 250 | _a3rd ed. | ||
| 260 |
_aAustralia _bCengage _c2017 |
||
| 300 | _axix,615p. | ||
| 650 | _aOrganizational Behaviour | ||
| 650 | _aPersonnel Management | ||
| 942 |
_2lcc _cBK |
||
| 999 |
_c19278 _d19277 |
||